000 00501nam a2200181Ia 4500
008 090123s9999 xx 000 0 und d
082 _b17935
100 _aपरांजपे पु.वा.
245 _aहिसका
250 _a1
260 _bआशिष प्रकाशन
_c1990
300 _a170
600 _aपरांजपे पु.वा.
630 _aहिसका
700 _aपरांजपे पु.वा.
730 _aहिसका
942 _cBOOK
999 _c55995
_d55995